| 000 | 00870nam a22002057a 4500 | ||
|---|---|---|---|
| 003 | OSt | ||
| 005 | 20250827103116.0 | ||
| 008 | 240305b ||||| |||| 00| 0 eng d | ||
| 040 | _c0 | ||
| 082 | _aDPer 621.317 Ie21 July 2022 v. 37 n. 7 | ||
| 100 |
_aPetric, Ivan Z. _eauthor. _954049 |
||
| 245 |
_aMulti-sampled grid-connected VSCs : _ba path toward inherent admittance passivity / _cIvan Z. Petric, Paolo Mattavelli, and Simone Buso. |
||
| 260 |
_aNew York ; _bThe Institute of Electrical and Electronics Engineers, Inc. , _cJuly 2022. |
||
| 300 |
_avolume 37, pages 7675-7687 : _billustration ; _c28 cm. |
||
| 500 | _aIEEE Transactions on Power Electronics, vol. 37, no. 7, pages 7675-7687, July 2022. | ||
| 700 |
_aPetric, Ivan Z. _eauthor. _954049 |
||
| 700 |
_aMattavelli, Paolo. _eauthor. _954050 |
||
| 700 |
_aBuso, Simone. _eauthor. _954051 |
||
| 942 |
_2ddc _cPER |
||
| 999 |
_c19537 _d19537 |
||